Southville International School and Colleges
Your cart is empty.
  • Cart
  • Lists
    Public lists Eva Luna New books Lux_list list_1
    Your lists Log in to create your own lists
  • Log in to your account
  • Your cookies
  • Search history
Southville International School and Colleges
  • Advanced search
  • Recent comments
  • Most popular
  • Libraries

Log in to your account

Log in with GOOGLE


If you do not have an external account, but do have a local account, you can still log in:

  1. Home
  2. MARC view: Activities for the differentiated classroom /
Normal view MARC view ISBD view

Activities for the differentiated classroom / (Record no. 6645)

[ view plain ]
MARC details
000 -LEADER
fixed length control field 01237nam a22002537a 4500
003 - CONTROL NUMBER IDENTIFIER
control field OSt
005 - DATE AND TIME OF LATEST TRANSACTION
control field 20140310181914.0
008 - FIXED-LENGTH DATA ELEMENTS--GENERAL INFORMATION
fixed length control field 130715t xxu||||| |||| 00| 0 eng d
020 ## - INTERNATIONAL STANDARD BOOK NUMBER
International Standard Book Number 9781412953399
050 ## - LIBRARY OF CONGRESS CALL NUMBER
Classification number LB 1592
Item number .G822 2008
082 ## - DEWEY DECIMAL CLASSIFICATION NUMBER
Classification number TR 371.2
Item number G823 2008
100 ## - MAIN ENTRY--PERSONAL NAME
Personal name Gregory, Gayle
9 (RLIN) 178
245 ## - TITLE STATEMENT
Title Activities for the differentiated classroom /
Statement of responsibility, etc Gayle H. Gregory, Carolyn Chapman.
260 ## - PUBLICATION, DISTRIBUTION, ETC. (IMPRINT)
Place of publication, distribution, etc Thousand Oaks, Calif :
Name of publisher, distributor, etc Corwin Press Classroom,
Date of publication, distribution, etc c2008.
300 ## - PHYSICAL DESCRIPTION
Extent 96 p. :
Other physical details ill. ;
Dimensions 28 cm.
520 ## - SUMMARY, ETC.
Summary, etc Correlated to national academic standards, offers activities to supplement differentiated lessons in mathematics, science, social studies, language arts, physical education, art, and music. These ready-to-use tasks can be immediately incorporated into lesson plans, and each activity features objectives, materials lists, helpful tips on conducting the activity, and reproducibles.
521 ## - TARGET AUDIENCE NOTE
Target audience note
541 ## - IMMEDIATE SOURCE OF ACQUISITION NOTE
-- 1
562 ## - COPY AND VERSION IDENTIFICATION NOTE
Number of copies 1
650 ## - SUBJECT ADDED ENTRY--TOPICAL TERM
Topical term or geographic name as entry element Education, Elementary
General subdivision Activity programs.
9 (RLIN) 179
650 ## - SUBJECT ADDED ENTRY--TOPICAL TERM
Topical term or geographic name as entry element English language
General subdivision Study and teaching (Primary)
-- Activity programs.
9 (RLIN) 180
650 ## - SUBJECT ADDED ENTRY--TOPICAL TERM
Topical term or geographic name as entry element Mathematics
General subdivision Study and teaching (Primary)
-- Activity programs.
9 (RLIN) 181
942 ## - ADDED ENTRY ELEMENTS (KOHA)
Source of classification or shelving scheme Library of Congress Classification
Koha item type
Call number prefix
Holdings
Withdrawn status Lost status Source of classification or shelving scheme Damaged status Home library Current library Shelving location Date acquired Total Checkouts Full call number Barcode Date last seen Copy number Price effective from Koha item type
    Library of Congress Classification   Luxembourg Library Luxembourg Library Teachers Reference Section 07/15/2013   LB 1592 .G822 2008 19354 08/13/2013 1 07/15/2013 Books

Activities for the differentiated classroom /

APA

Gregory G., . (2008). Activities for the differentiated classroom. Thousand Oaks, Calif: Corwin Press Classroom.

Chicago

Gregory Gayle, . 2008. Activities for the differentiated classroom. Thousand Oaks, Calif: Corwin Press Classroom.

Harvard

Gregory G., . (2008). Activities for the differentiated classroom. Thousand Oaks, Calif: Corwin Press Classroom.

MLA

Gregory Gayle, . Activities for the differentiated classroom. Thousand Oaks, Calif: Corwin Press Classroom. 2008.

  • Place hold
  • Print
  • Cite
  • Add to your cart (remove)
  • Save record
    BIBTEX Dublin Core MARCXML MARC (non-Unicode/MARC-8) MARC (Unicode/UTF-8) MARC (Unicode/UTF-8, Standard) MODS (XML) RIS
  • More searches
    Search for this title in:
    Other Libraries (WorldCat) Other Databases (Google Scholar) Online Stores (Bookfinder.com) Open Library (openlibrary.org)

Exporting to Dublin Core...

SOUTHVILLE LIBRARY

Southville International School and Colleges Library

1281 Tropical Ave. Cor. Luxembourg St., BF Homes International, Las Pinas City

Tel. No. 8256374 / 252358 Loc. 117/146

Powered by Koha